=LDR 00000nam 2200000 4500 =001 INLIS000000000038907 =005 20130612144550 =008 ***********************************ind** =035 ##$$a0010-061300000038907 =041 ##$$a ind =082 ##$$a 813 =090 ##$$a 813, Lem b =100 ##$$a LEMBAHMATA, Pralampita =245 ##$$a Bonsai, Hikayat satu keluarga cina benteng/Pralampita lembahmata =260 ##$$a 2011 $b Jakarta =300 ##$$a X,520 Hlm, 20 cm =650 ##$$a FIKSI =850 ##$$a NBPNMAT =990 ##$$a 0001/BPAP-NTB/20142014 =990 ##$$a 0001/BPAP-NTB/20142014 =990 ##$$a 16321632 =990 ##$$a 0001/BPAP-NTB/20142014 =990 ##$$a 0001/BPAP-NTB/20142014 =990 ##$$a 01201901632